000
00289nam a22001337a 4500
003
SGT
082
_a
370
_b
A10C
100
_a
CHANDRA, S.S.
245
_a
ADULT AND NON-FORMAL EDUCATION
260
_a
NEW DELHI
_b
SURJEET PUB
_c
2010
300
_a
388
650
_a
EDUCATION
942
_2
ddc
_c
BK
999
_c
12258
_d
12258